00882 2200313 4500001002100000005001500021007000300036008004100039020001800080035002000098040001700118041000800135082001000143084001600153090002100169100002900190245007600219250001200295264004100307300004500348336002100393337003000414338002300444650002500467850001000492990002200502990002200524990002200546INLIS00000000000615120260419121709ta260419 0  a979-518-648-5 a0010-0322000395 aSBPUPADbind0 aind a371.2 a371.2 ARY a a371.2 ARY a 12-70 aAry H.GunawanePengarang1 aAdministrasi Sekolah :bAdministrasi Pendidikan Mikro /cAry H. Gunawan a.-cet.1 a.--Jakarta :bPT Rineka Cipta,c2002 ax,352 hal. :bilus. ;c14,5 cm x 20,5 cm 2rdacontentaTeks 2rdamediaaTanpa Perantara 2rdacarrieravolume 4aAdministrasi Sekolah aPUPAD a12650/H/KAPD/2020 a12652/H/KAPD/2010 a12653/H/KAPD/2010